000 00466nam a2200181Ia 4500
001 14926
005 20260306164950.0
008 260306t2017||||xx |||||||||||||| ||spa||
041 _aESP
082 _a519.5
_bM534
100 _aMehmetoglu, Mehmet
_eAUT
245 0 _aApplied statistics using Stata:
_ba guide for the social sciences
260 _c2017
300 _axvi, 356 páginas :
_c24 cm.
650 _aGEN
654 _aCMA
942 _cLIB
_dJUS
_fJUS
_2ddc
_n
999 _c14926
_d14926